00986nam a2200253 a 4500001001200000003000800012006001900020007001500039008004100054040002100095035002100116050002400137245007800161260005400239300001800293490002100311500002900332533015200361650002400513650002300537655002900560710001700589856012600606ebr10032001CaPaEBRm u cr cn|||||||||090804s2003 maua s 000 0 eng d aCaPaEBRcCaPaEBR a(OCoLC)44866209114aZA4201b.I54 2003eb00aInformationh[electronic resource] :bgetting, protecting and using data. aBoston, Mass. :bTechnology Research News,c2003. a38 p. :bill.0 aTRN topic bundle aTwo columns to the page. aElectronic reproduction.bPalo Alto, Calif. :cebrary,d2009.nAvailable via World Wide Web.nAccess may be limited to ebrary affiliated libraries. 0aInternet searching. 0aComputer security. 7aElectronic books.2local2 aebrary, Inc.40uhttp://site.ebrary.com/lib/rucke/Doc?id=10032001zAn electronic book accessible through the World Wide Web; click to view